[Event "Østlandsserien 2023/2024, 2. div. B"]
[Site "Fredrikstad, Viken NOR"]
[Date "2023.10.29"]
[Round "1"]
[White "Blauhut, Anna"]
[Black "Furnes, Torstein"]
[Result "1-0"]
[WhiteElo "1559"]
[BlackElo "1738"]
[Annotator "Furnes,Torstein"]
[PlyCount "51"]
[EventDate "2023.10.29"]
[WhiteTeam "Fredrikstad 1"]
[BlackTeam "Follo 1"]

1. e4 c5 2. Nf3 Nc6 3. Bb5 Qc7 {Dette dronningtrekket er ikke så ofte spilt.} ({Hos ChessBase fortsetter de fleste partiene med} 3... g6) 4. O-O d6 5. Re1 e5 6. h3 Nf6 7. c3 a6 8. Bxc6+ Qxc6 9. d4 Qc7 10. a4 Be7 11. Na3 O-O 12. Bg5 Rd8 13. Qe2 Be6 14. Bh4 cxd4 15. cxd4 exd4 16. Nxd4 Bd7 $2 $18 {Stockfish liker ikke dette løpertrekket og sender hvitfordelen opp i +2.} (16... Rac8 $14) 17. Nc4 $11 {Hvitfordelen synker litt igjen.} (17. Nf5 $18 {er Stockfish sitt førstevalg.}) 17... Rac8 $16 ({Det er bedre å spille} 17... d5 $11 {for å bli kvitt den svake bonden på d6.}) 18. Ne3 Qc5 $2 $18 (18... Re8 $16) 19. Ndf5 Bxf5 20. Nxf5 Qe5 21. f4 Qc5+ $2 $18 {Tapstrekket.} (21... Qe6 {må spilles}) 22. Kh1 Re8 23. Ra3 Bf8 $4 {Taper med en gang, men stillingen var uansett tapt.} (23... Qc2 24. Rg3 Qxe2 25. Rxg7+ Kf8 26. Rxe2 Rc6 27. Re3) 24. Bxf6 gxf6 ({Stockfish foreslår} 24... Qxf5 25. exf5 Rxe2 26. Rxe2 gxf6 27. Rc3) 25. Qg4+ Kh8 26. Rg3 1-0

[Event "Østlandsserien 2023/2024, 4. div. E"]
[Site "Bærum, Viken NOR"]
[Date "2023.10.29"]
[Round "1"]
[White "Holm, Bjarne"]
[Black "Olsen, William"]
[Result "1-0"]
[WhiteElo "1736"]
[BlackElo "1174"]
[PlyCount "53"]
[EventDate "2023.10.29"]
[WhiteTeam "Follo 2"]
[BlackTeam "Dragen 5"]

1. c4 e6 2. Nf3 Nf6 3. e3 d5 4. cxd5 exd5 5. Nc3 c5 6. Bb5+ Nc6 7. Ne5 Qc7 8. Nxc6 bxc6 9. Be2 Bd6 10. g3 Bh3 11. Bf3 O-O 12. Ne2 Rfe8 13. Qc2 Rac8 14. d3 Nd7 15. Ng1 Bf5 16. Be2 c4 17. Qc3 Nc5 18. dxc4 Ne4 19. Qd4 Bb4+ 20. Kf1 Rcd8 21. f3 c5 22. Qd1 dxc4 23. Qa4 Nf6 24. Bxc4 Rd6 25. a3 Bd2 26. e4 Nxe4 27. Qxe8# 1-0

[Event "Østlandsserien 2023/2024, 4. div. E"]
[Site "Bærum, Viken NOR"]
[Date "2023.10.29"]
[Round "1"]
[White "Yang, Espen Siben"]
[Black "Johansen, Anders Sten"]
[Result "0-1"]
[WhiteElo "1234"]
[BlackElo "1716"]
[PlyCount "36"]
[EventDate "2023.10.29"]
[WhiteTeam "Dragen 5"]
[BlackTeam "Follo 2"]

1. e4 c5 2. c3 d5 3. exd5 Qxd5 4. Nf3 Nc6 5. Na3 Bg4 6. Bc4 Qe4+ 7. Be2 Bxf3 8. gxf3 Qd5 9. Nc2 e5 10. Rg1 g6 11. d4 cxd4 12. cxd4 exd4 13. Rg5 f5 14. h4 Rd8 15. Na3 d3 16. Bf1 Qe5+ 17. Be3 Bb4+ 18. Qd2 Bxd2+ 0-1

[Event "Østlandsserien 2023/2024, 4. div. E"]
[Site "Bærum, Viken NOR"]
[Date "2023.10.29"]
[Round "1"]
[White "Kielland-Lund, Jon"]
[Black "Mortensen, Michael"]
[Result "1-0"]
[WhiteElo "1715"]
[BlackElo "1091"]
[Annotator "Tactical Analysis 5.3 (5s)"]
[PlyCount "125"]
[EventDate "2023.10.29"]
[WhiteTeam "Follo 2"]
[BlackTeam "Dragen 5"]

1. c4 c5 2. Nf3 Nc6 3. d4 cxd4 4. Nxd4 Nf6 5. Nc3 e6 6. Ndb5 a6 {[%eval 54,19]} ({Black should try} 6... d5 $11 {[%eval -1,22]}) 7. Nd6+ $14 Bxd6 8. Qxd6 Qe7 {White is slightly better.} 9. Bf4 {[%cal Bc1f4,Bf4e3,Be3c5][%mdl 32] White is more active.} O-O {[%eval 169,25]} (9... b5 $16 {[%eval 77,24]}) 10. e4 {[%eval 123,23]} (10. Qxe7 $18 {[%eval 169,25]} Nxe7 11. Bd6) 10... Re8 11. Qxe7 Nxe7 12. e5 {[%eval 41,24]} (12. Bd6 $16 {[%eval 154,24]}) 12... Nh5 $2 {[%eval 230,24] This move loses the game for Black.} (12... Ng6 $14 {[%eval 41,24]}) 13. Be3 $18 {Threatens to win with g4.} f5 14. Be2 g6 15. Bxh5 gxh5 16. f4 Nc6 {[%eval 252,24]} (16... b6 $16 {[%eval 142,23]} 17. Na4 (17. Bxb6 Rb8 $16) 17... b5) 17. Bc5 Nd8 {[%eval 286,24]} (17... Na5 {[%eval 164,23] keeps fighting.} 18. b3 b5) 18. O-O {[%cal Bh1f1,Bf1f3,Bf3h3,Bh3h4][%mdl 32]} Nf7 19. Rf3 Kg7 20. a4 Kh6 21. Rd1 h4 22. Rh3 Kh5 23. g3 Nh6 24. Rxh4+ Kg6 25. Rd2 Ng4 $2 {[%eval 608,29]} (25... b5 {[%eval 369,22]} 26. axb5 axb5 27. Nxb5 Ra1+ 28. Kf2 Rh8) 26. h3 {[%cal Bh2h3,Bh3g4][%mdl 32]} Nh6 27. a5 Nf7 28. g4 Nh6 29. Rg2 {[#] Intending gxf5+ and mate.} fxg4 30. hxg4 Rh8 31. Rgh2 Ng8 {Vennligst bemerk at alle hvits offiserer er tilbake til utgangspunktet.} 32. Na4 d6 33. Nb6 dxc5 34. Nxa8 Bd7 35. Nb6 Bc6 36. Kf2 h6 37. Ke3 Rh7 38. Rh5 Rf7 39. Rd2 Rf8 40. Nd7 Rd8 41. Nxc5 Rxd2 42. Kxd2 {[%mdl 4096] Endgame KRN-KBN} Bf3 43. Rh4 Kf7 44. Ke3 Bc6 45. Rh2 b5 46. axb6 a5 47. b7 Bxb7 48. Nxb7 {[#] f5 would kill now.} a4 49. Nd6+ Kg6 50. Kd4 Kg7 51. Kc5 Kg6 52. Kc6 Kg7 53. Kd7 a3 54. bxa3 Kg6 55. Kxe6 Kg7 56. Nf5+ Kg6 57. Rxh6+ {[%eval 1356,5]} Nxh6 58. Nxh6 {Threatening mate with Nf5.} Kxh6 {KP-KP} 59. Kf7 {White mates.} Kh7 60. e6 Kh8 61. e7 Kh7 62. e8=Q Kh6 63. Qh8# {Weighted Error Value: White=0.62/Black=0.77 Strategisk spill på alle fronter, helt etter min smak!} 1-0

[Event "Østlandsserien 2023/2024, 5. div."]
[Site "Bærum, Viken NOR"]
[Date "2023.10.29"]
[Round "1"]
[White "Skillestad, Sverre"]
[Black "Tverli, Gabriel Johan"]
[Result "1-0"]
[WhiteElo "1217"]
[BlackElo "1015"]
[PlyCount "77"]
[EventDate "2023.10.29"]
[WhiteTeam "Follo 3"]
[BlackTeam "Bærum 7"]

1. d4 d5 2. c4 c6 3. Nf3 Nf6 4. g3 Bf5 5. Bg2 e6
6. O-O Bd6 7. Nc3 Nbd7 8. Re1 dxc4 9. e4 Bg4 10. e5 Bxe5 11. dxe5 Nd5 12. Qd4
Bxf3 13. Bxf3 N7b6 14. a3 O-O 15. Be3 Rc8 16. Qg4 Nxe3 17. Rxe3 Nd5 18. Re2 a5
19. Qxc4 b5 20. Qd4 c5 21. Qd2 Nxc3 22. Qxc3 b4 23. axb4 axb4 24. Qe3 Qd7 25.
Rc2 Qd4 26. Qxd4 cxd4 27. Rxc8 Rxc8 28. Ra8 Rxa8 29. Bxa8 f6 30. exf6 gxf6 31.
Kf1 e5 32. Ke2 Kf7 33. Be4 h6 34. Kd3 Ke6 35. f4 f5 36. Bf3 e4+ 37. Bxe4 fxe4+
38. Kxe4 h5 39. Kxd4 1-0

[Event "Østlandsserien 2023/2024, 5. div."]
[Site "Bærum, Viken NOR"]
[Date "2023.10.29"]
[Round "1"]
[White "Kvedalen, Sindre"]
[Black "Nederbragt, Lex"]
[Result "1/2-1/2"]
[WhiteElo "1099"]
[BlackElo "1021"]
[Annotator "solva"]
[PlyCount "110"]
[EventDate "2023.10.29"]
[WhiteTeam "Follo 3"]
[BlackTeam "Bærum 7"]

1. e4 e5 2. Nc3 Nf6 3. Bc4 Nc6 4. d3 Bc5 5. Bg5 O-O 6. Nd5 Be7 7. Nxf6+ Bxf6 8. Bxf6 Qxf6 9. Qf3 Qe7 10. Ne2 Qb4+ 11. c3 Qxb2 12. O-O Qa3 13. d4 exd4 14. Nxd4 Nxd4 ({Woops.. Heldigvis så ikke motstanderen den heller...} 14... Ne5) 15. cxd4 Qxf3 16. gxf3 d6 17. Kg2 Be6 18. Rfc1 Rac8 19. d5 Bd7 20. Rab1 Rb8 21. Bb5 Bxb5 22. Rxb5 Rfc8 23. f4 f6 24. e5 a6 25. Ra5 Kf7 26. e6+ Ke7 27. f5 g6 28. Kf3 gxf5 29. Kf4 c6 30. dxc6 Rxc6 31. Rxc6 bxc6 32. Rxa6 Rb4+ 33. Kxf5 Rb5+ 34. Ke4 Kxe6 35. f4 f5+ 36. Kf3 d5 37. Rxc6+ Kd7 38. Rh6 d4 39. Ke2 Rd5 40. Kd3 Ra5 41. Kxd4 Rxa2 {Vurderte Ke5, men.... spilte det ikke} 42. Rxh7+ Ke6 43. Rh6+ Kf7 44. h4 Ra4+ 45. Kd5 Ra5+ 46. Kc4 Ra4+ 47. Kb5 Rxf4 48. Rh5 Kg6 49. Rg5+ Kh6 50. Kc5 Rf1 51. Kd4 f4 52. Ke4 f3 53. Rf5 f2 54. Ke3 Rh1 55. Rxf2 Rxh4 1/2-1/2

[Event "Østlandsserien 2023/2024, 2. div. B"]
[Site "Ås, Viken NOR"]
[Date "2023.12.03"]
[Round "2"]
[White "Lillevold, Frode"]
[Black "Aamodt, Peder Marcus"]
[Result "1/2-1/2"]
[WhiteElo "2095"]
[BlackElo "2103"]
[PlyCount "67"]
[EventDate "2023.10.29"]
[WhiteTeam "Strømmen 1"]
[BlackTeam "Follo 1"]

1. d4 Nf6 2. c4 e6 3. Nc3 Bb4 4. e3 O-O 5. Nge2 c6 6. a3 Ba5 7. Qc2 d5 8. Ng3 Nbd7 9. Bd3 dxc4 10. Bxc4 e5 11. O-O exd4 12. exd4 Nb6 13. Ba2 Nbd5 14. Bg5 h6 15. Bxf6 Nxf6 16. Rad1 Bc7 17. d5 cxd5 18. Nxd5 Bxg3 19. hxg3 Nxd5 20. Bxd5 Qf6 21. Rfe1 Bg4 22. Rc1 Rac8 23. Qb3 b6 24. Rxc8 Rxc8 25. Qa4 Bh5 26. b4 Rd8 27. Be4 Qc3 28. Re3 Qa1+ 29. Kh2 Bg6 30. Bxg6 fxg6 31. Re8+ Rxe8 32. Qxe8+ Kh7 33. Qa4 Qe5 34. Qxa7 1/2-1/2

[Event "Østlandsserien 2023/2024, 2. div. B"]
[Site "Ås, Viken NOR"]
[Date "2023.12.03"]
[Round "2"]
[White "Lange, David"]
[Black "Sidselrud, Steinar"]
[Result "0-1"]
[WhiteElo "1990"]
[BlackElo "1978"]
[PlyCount "80"]
[WhiteTeam "Follo 1"]
[BlackTeam "Strømmen 1"]

1. d4 Nf6 2. c4 g6 3. Nf3 Bg7 4. Nc3 d6 5. g3 c6 6. Bg2 O-O 7. O-O Nbd7 8. b3
e5 9. dxe5 dxe5 10. Bb2 e4 11. Nd4 e3 12. f3 Re8 13. Nc2 Qc7 14. Qc1 Nc5 15.
Nd1 Nh5 16. Bxg7 Nxg7 17. Ndxe3 f5 18. Qa3 Nd7 19. Rfe1 Nf6 20. Rad1 f4 21. Nf1
Qb6+ 22. c5 Qc7 23. e3 fxg3 24. hxg3 Nfh5 25. Kf2 Rf8 26. Nd4 Ne8 27. b4 Kh8
28. Qc3 Nef6 29. f4 Bg4 30. Bf3 Qc8 31. e4 Ng7 32. Nh2 Bxf3 33. Ndxf3 Qh3 34.
Rd6 Nfh5 35. Nf1 Rae8 36. Re3 Nxg3 37. Nxg3 Rxf4 38. Rf6 Qh2+ 39. Kf1 Qxg3 40.
Qe5 Rxe5 0-1

[Event "Østlandsserien 2023/2024, 2. div. B"]
[Site "Ås, Viken NOR"]
[Date "2023.12.03"]
[Round "2"]
[White "Hjortås, Olav"]
[Black "Lange, Holger"]
[Result "0-1"]
[WhiteElo "1672"]
[BlackElo "1756"]
[PlyCount "146"]
[WhiteTeam "Strømmen 1"]
[BlackTeam "Follo 1"]

1. d4 Nf6 2. Bg5 e6 3. e4 Be7 4. e5 Nd5 5. Bxe7 Qxe7 6. c4 Qb4+ 7. Nd2 Nf4 8.
Rb1 Nc6 9. g3 Ng6 10. Ne2 d6 11. exd6 Qxd6 12. Nf3 Qb4+ 13. Nc3 O-O 14. a3 Qe7
15. Bg2 Rd8 16. O-O Nge5 17. Nxe5 Nxe5 18. b3 Qxa3 19. Qe2 Ng6 20. d5 Qe7 21.
Rfe1 e5 22. h4 f6 23. h5 Nf8 24. Kh2 Bf5 25. Be4 Bxe4 26. Qxe4 Qf7 27. g4 g6
28. h6 g5 29. Qf5 Qg6 30. Qxg6+ Nxg6 31. Ne4 Kf7 32. Kg3 Nf4 33. Rbd1 b6 34.
Rb1 Kg6 35. Rh1 a5 36. Kf3 a4 37. bxa4 Rxa4 38. Rbc1 Rda8 39. d6 cxd6 40. Nxd6
Ra3+ 41. Ke4 Rd3 42. Rhd1 Rd8 43. Rxd3 Nxd3 44. Kxd3 Rxd6+ 45. Ke3 Kxh6 46. Rb1
Kg6 47. f3 h5 48. gxh5+ Kxh5 49. Rh1+ Kg6 50. Rh8 Kf5 51. Rc8 g4 52. fxg4+ Kxg4
53. Rg8+ Kf5 54. Rh8 Rc6 55. Rh4 Rc5 56. Kd3 b5 57. cxb5 Rxb5 58. Ke3 Rb3+ 59.
Ke2 e4 60. Rh8 Kf4 61. Rh4+ Ke5 62. Rh8 f5 63. Ra8 Kf4 64. Rf8 Rb2+ 65. Kf1 e3
66. Ke1 Ke4 67. Re8+ Kf3 68. Kd1 Rh2 69. Re7 f4 70. Re8 Kf2 71. Re7 f3 72. Re8
Rh1+ 73. Kc2 e2 0-1

[Event "Østlandsserien 2023/2024, 2. div. B"]
[Site "Ås, Viken NOR"]
[Date "2023.12.03"]
[Round "2"]
[White "Furnes, Torstein"]
[Black "Bruun, Frank Olav"]
[Result "1-0"]
[WhiteElo "1723"]
[BlackElo "1664"]
[Annotator "Furnes,Torstein"]
[PlyCount "99"]
[EventDate "2023.10.29"]
[WhiteTeam "Follo 1"]
[BlackTeam "Strømmen 1"]

1. d4 Nf6 2. c4 e6 3. Nc3 d5 4. Bg5 Be7 5. e3 c6 6. Nf3 O-O 7. Rc1 h6 8. Bf4 Nbd7 9. Bd3 dxc4 10. Bxc4 Nb6 11. Bd3 Nbd5 12. Bg3 Nxc3 13. bxc3 Qa5 $16 {Stockfish lyser rødt etter dette trekket.} 14. Qb3 ({Stockfish sier at hvit ikke trenger å beskytte a-bonden og foreslår} 14. Ne5) ({Eventuelt} 14. O-O) 14... b6 15. O-O Ba6 {I ChessBase Online Database følger vi fortsatt et parti spilt helt tilbake i 1933 ! Men med mitt neste trekk forlater vi det partiet.} 16. Bxa6 Qxa6 17. Rfe1 c5 18. c4 Rfd8 19. h3 Rac8 20. Red1 cxd4 21. exd4 Ne4 22. Bf4 Ba3 23. Rc2 Bd6 24. Bxd6 Rxd6 25. Rdc1 Rcd8 26. Qe3 Qb7 27. c5 bxc5 28. dxc5 Rd1+ 29. Kh2 Qc7+ 30. g3 {Stockfish-evalueringen har de siste 15 trekkene holdt seg temmelig nær 0 hele tiden. Men etter svarts neste trekk gjør den et stort utslag til hvit fordel på +3.5.} Qc6 $6 $18 31. Ne5 Qa8 ({På} 31... Qd5 {følger} 32. Rxd1 Qxd1 33. Qxe4 {med offisersvinst.}) 32. Rxd1 Rxd1 33. Qf3 ({Stockfish liker litt bedre} 33. c6 Nd6 34. Qf3 Rd5 35. c7) 33... Qd5 34. Qxf7+ $6 $11 {Stockfish liker ikke dette trekket der hele hvitfordelen fordufter.} (34. c6 {er det riktige trekket å spille.}) 34... Kh7 35. Qf3 Re1 $6 $18 {Etter dette trekket hopper hvitfordelen opp til +4.} ({Stillingen villle fortsatt vært lik etter} 35... Rd4) ({eller} 35... Nxc5) 36. Nd3 Rb1 37. c6 Rb8 38. c7 Rc8 39. Nf4 Qf5 40. Qd3 Qe5 41. f3 {Vinner offiser} ({Men Stockfish liker litt bedre} 41. Qd7 Nd6 42. Re2) 41... Rxc7 42. Rxc7 Qxc7 43. Qxe4+ Kh8 44. Qxe6 Qc2+ 45. Qe2 Qc5 46. h4 ({Allerede her kunne jeg egentlig spilt avviklingskombinasjonen som kommer om et par trekk.} 46. Qe8+ Kh7 47. Qg6+ Kg8 48. Qxg7+ $1 Kxg7 49. Ne6+ Kf6 50. Nxc5) 46... a5 47. h5 a4 48. Qe8+ Kh7 49. Qg6+ Kg8 {I november 2014 møtte jeg samme motstander i et parti i Østlandsserien. Dengang overså jeg et pent tårnoffer som ville avgjort partiet. Jeg har ergret meg i mange år over at jeg ikke så det tårnofferet den gangen... Så det var litt hyggelig at jeg denne gangen fikk mulighet til å avgjøre partiet med et lite dronningoffer !} 50. Qxg7+ $1 (50. Qxg7+ $1 Kxg7 51. Ne6+ Kf6 52. Nxc5) 1-0

[Event "Østlandsserien 2023/2024, 4. div. E"]
[Site "Oslo NOR"]
[Date "2023.12.03"]
[Round "2"]
[White "Stickler, Ellen-Anette"]
[Black "Johansen, Anders Sten"]
[Result "0-1"]
[WhiteElo "1297"]
[BlackElo "1718"]
[PlyCount "80"]
[WhiteTeam "O.S.S. 7 Kvinner Rød"]
[BlackTeam "Follo 2"]
[EventDate "2023.10.29"]

1. e4 c5 2. Nc3 Nc6 3. f4 d6 4. Nf3 g6 5. Be2 Bg7 6. O-O e6 7. Qe1 Nd4 8. Bd1
Nxf3+ 9. Rxf3 Bd7 10. d3 Ne7 11. Bd2 b5 12. a4 b4 13. Nb5 Qb6 14. c4 a6 15. a5
Qb8 16. Nxd6+ Qxd6 17. e5 Qc7 18. Qe4 Bc6 19. Ba4 O-O 20. Bxc6 Qxc6 21. Qxc6
Nxc6 22. Be3 Nd4 23. Bxd4 cxd4 24. b3 f6 25. Raf1 fxe5 26. fxe5 Rxf3 27. Rxf3
Bxe5 28. Rf1 Rf8 29. Rxf8+ Kxf8 30. h3 Bc7 31. Kf2 Kf7 32. Kf3 Kf6 33. Ke4 e5
34. Kd5 Bxa5 35. c5 Bc7 36. Kc4 a5 37. Kb5 e4 38. Kc4 e3 39. Kxd4 e2 40. c6
e1=Q 0-1

[Event "Østlandsserien 2023/2024, 4. div. E"]
[Site "Oslo NOR"]
[Date "2023.12.03"]
[Round "2"]
[White "Kielland-Lund, Jon"]
[Black "Breirem, Natalie P"]
[Result "1-0"]
[WhiteElo "1717"]
[BlackElo "1223"]
[Annotator "Tactical Analysis 5.3 (5s)"]
[PlyCount "31"]
[WhiteTeam "Follo 2"]
[BlackTeam "O.S.S. 7 Kvinner Rød"]
[EventDate "2023.10.29"]

1. c4 e5 2. Nc3 Nf6 3. Nf3 Nc6 4. g3 d6 5. Bg2 Bd7
6. d4 e4 {[%eval 111,23]} (6... a5 $14 {[%eval 36,19]}) 7. Ng5 $16 Bf5 8. Ngxe4
{White is more active. White is better.} Nxe4 9. Nxe4 ({But not} 9. Bxe4 Bxe4
10. Nxe4 d5) 9... Qe7 {[%eval 163,21]} (9... d5 $2 10. cxd5 Nb4 11. O-O $18) (
9... Be7 $16 {[%eval 122,19]} 10. O-O O-O) 10. Nc3 $18 O-O-O {[%eval 225,23]} (
10... g6 $16 {[%eval 156,20] might work better.} 11. Nd5 Qd8) 11. O-O {
Threatens to win with Qa4.} Nb4 $2 {[%eval 429,22] [#]} (11... Qd7 {[%eval 181,
21] keeps fighting.} 12. d5 Ne5) 12. e4 Bg6 $2 {[%eval 438,22]} (12... Bd7 {
[%eval 260,22]} 13. Be3 Kb8) 13. Qa4 {[%csl Ba7,Bb4] White is clearly winning.}
Nc6 14. d5 Ne5 15. Qxa7 {[#] Strongly threatening Bh3+.} Qf6 16. Bh3+ {Black
got outplayed after the opening. Weighted Error Value: White=0.23 (precise) /
Black=0.80 En miniatyr, men Natalie fra Brasil gjorde det lett for meg.} 1-0

[Event "Østlandsserien 2023/2024, 5. div."]
[Site "Oslo NOR"]
[Date "2023.12.03"]
[Round "2"]
[White "Nicolaisen, Lars-Henrik Nystøyl"]
[Black "Hellebø, Trygve"]
[Result "0-1"]
[WhiteElo "1288"]
[BlackElo "1162"]
[PlyCount "41"]
[EventDate "2023.10.29"]
[WhiteTeam "Follo 3"]
[BlackTeam "O.S.S. 9 Yngre junior"]

1. e4 e5 2. Nf3 Nf6 3. Nc3 Bb4 4. Bc4 Bxc3 5. dxc3 d6 6. Qd3 O-O 7. h3 Nbd7 8. Be3 b6 9. Bd5 Nxd5 10. Qxd5 Rb8 11. O-O-O Bb7 12. Qd3 Nf6 13. Nd2 Qd7 14. f3 Rbd8 15. Nc4 Rfe8 16. Bg5 Qe6 17. Kb1 Ba6 18. Bxf6 Bxc4 19. Bxd8 Bxd3 20. Rxd3 Rxd8 21. Rhd1 g6 22. Rd5 Qf6 23. R5d2 a5 24. Rd3 b5 25. Rd5 c5 26. R5d2 b4 27. cxb4 axb4 28. Rd5 c4 29. Rb5 Qg5 30. Rxb4 Qxg2 31. Rxc4 Qxf3 32. Re1 Qxh3 33. Rc3 Qd7 34. Rd1 h5 35. Rcd3 Kg7 36. Rxd6 Qxd6   0-1

[Event "Østlandsserien 2023/2024, 5. div."]
[Site "Oslo NOR"]
[Date "2023.12.03"]
[Round "2"]
[White "Glomnes, Leonard Horsfjord"]
[Black "Skillestad, Sverre"]
[Result "0-1"]
[WhiteElo "1065"]
[BlackElo "1227"]
[PlyCount "100"]
[EventDate "2023.10.29"]
[WhiteTeam "O.S.S. 9 Yngre junior"]
[BlackTeam "Follo 3"]

1. e4 c5 2. Nf3 Nc6 3. d4 cxd4 4. Nxd4 e6 5. Nc3 a6 6. Bc4 b5 7. Nxc6 dxc6 8.
Qxd8+ Kxd8 9. Bb3 Nf6 10. Bg5 Be7 11. Ne2 Nxe4 12. Bxe7+ Kxe7 13. c3 Rd8 14.
Nd4 Bb7 15. a4 b4 16. O-O bxc3 17. bxc3 Nd2 18. Rfd1 Rxd4 $1 19. cxd4 Nxb3 20.
Rab1 Na5 21. Rdc1 Rd8 22. Rc5 Rd5 23. Rxa5 Rxa5 24. Rxb7+ Kf6 25. Rb4 Kf5 26.
f3 c5 27. g4+ Kg5 28. dxc5 Rxc5 29. Kg2 h5 30. Kg3 h4+ 31. Kh3 Rc3 32. Kg2 Rc2+
33. Kh3 Rf2 34. Rb6 Rxf3+ 35. Kg2 Kxg4 36. Rxa6 h3+ 37. Kg1 Ra3 38. Ra7 Rf3 39.
a5 g5 40. a6 f5 41. Ra8 Ra3 42. Kf1 Ra2 43. a7 Kf3 44. Ke1 Kg2 45. Rb8 Rxa7 46.
Rb2+ Kf3 47. Rf2+ Kg4 48. Rb2 Ra3 49. Kf2 f4 50. Kg1 e5 0-1

[Event "Østlandsserien 2023/2024, 2. div. B"]
[Site "Oslo NOR"]
[Date "2024.01.06"]
[Round "3"]
[White "Lange, David"]
[Black "Risting, Eivind Olav"]
[Result "1/2-1/2"]
[WhiteElo "1989"]
[BlackElo "2332"]
[Annotator "Lange,Holger"]
[PlyCount "52"]
[EventDate "2023.10.29"]
[WhiteTeam "Follo 1"]
[BlackTeam "SK 1911 2"]

1. d4 Nf6 2. c4 e6 3. Nf3 Bb4+ 4. Bd2 a5 5. Nc3 O-O 6. e3 b6 7. Bd3 Bb7 8. O-O d6 9. Qe2 Nbd7 10. a3 Bxc3 11. Bxc3 Ne4 12. Bxe4 Bxe4 13. Nd2 Bb7 14. b4 axb4 15. axb4 Rxa1 $6 {Ønsker man å vinne med svart, er trekket ikke det beste. Mer aktivt er} (15... Qg5 16. f4 Qh4 17. g3 Qh3) 16. Rxa1 e5 17. dxe5 Nxe5 $14 18. c5 $6 {Fordelen beholder hvit med} (18. b5) 18... bxc5 19. bxc5 Qd7 20. f3 f6 21. Rb1 Qc6 22. Qb5 Qxb5 23. Rxb5 Bc6 24. Ra5 Ra8 25. Rxa8+ Bxa8 26. cxd6 cxd6 1/2-1/2

[Event "Østlandsserien 2023/2024, 2. div. B"]
[Site "Oslo NOR"]
[Date "2024.01.06"]
[Round "3"]
[White "Kjøita, Torgeir Jakhelln"]
[Black "Lange, Holger"]
[Result "0-1"]
[WhiteElo "2038"]
[BlackElo "1743"]
[Annotator "Lange,Holger"]
[PlyCount "120"]
[EventDate "2023.10.29"]
[WhiteTeam "SK 1911 2"]
[BlackTeam "Follo 1"]

1. e4 Nf6 2. e5 Nd5 3. c4 Nb6 4. d4 d6 5. f4 dxe5 6. fxe5 Bf5 7. Nc3 e6 8. Be3 Nc6 9. Nf3 Bg4 10. c5 Nd5 11. Nxd5 Qxd5 12. Be2 Be7 {Eller Td8? Eller 0-0-0 ? Stockfish vet heller ikke hva er best, men partiet blir ganske forskjellig avhengig av valget her} 13. O-O O-O 14. h3 Bf5 $1 {Motstanderen blir overrasket her og trodde Lh5 er best. Med Lf5 får svart kontroll over b1 - h7 diagonalen med idé Sb4 f.eks.} 15. Qd2 {Mot nettopp Sb4} Rad8 16. b4 a6 17. a4 $2 {Nå er det litt mye bondetrekk som svekker damefløyen} Qb3 $1 {Oversett av motstanderen. Poenget her er at Tb1 er ikke mulig} 18. b5 axb5 19. axb5 Nb4 20. Rfc1 $4 {Spilt etter 20 min betekningstid, men koster kvaliteten. Bedre er} (20. Bd1 Bc2 21. Bf2 Bxd1 22. Rfxd1 Nd5 $11) 20... Nc2 21. Rxc2 Qxc2 {SF mener Lxc2 er enda sterkere.} 22. Qxc2 Bxc2 23. Ra7 Be4 24. c6 Rb8 25. Nd2 Bd5 26. Bf3 bxc6 27. bxc6 Rfc8 28. Bxd5 exd5 29. Ra5 Rb6 30. Rxd5 Rxc6 {Svart står på vinst} 31. Rd7 $6 Kf8 32. Rd5 Rc3 33. Kf2 c5 {Hadde ikke lyst til at hvit får sammenhengende bønder, t.o.m. fribønder evt.} 34. Ne4 Rc2+ {også mulig er} (34... cxd4 $1 35. Nxc3 dxe3+ 36. Kxe3 Rxc3+ $19) 35. Kf3 cxd4 36. Bxd4 Rd8 37. Nd6 Rc6 $6 (37... Rd2 $1 38. g4 f6 39. Ke4 Re2+ 40. Kf3 Rxe5 41. Bxe5 fxe5 42. Rxe5 Bxd6) 38. Bc5 f6 39. Ke4 fxe5 40. Nb7 Rxd5 41. Kxd5 Rc7 42. Nd6 Rd7 $4 (42... Rxc5+ $1 43. Kxc5 Bxd6+ 44. Kxd6 e4 {[%emt 0:00:01] 0 -}) 43. Kxe5 Bxd6+ 44. Bxd6+ Kf7 45. Bc5 Rd2 46. g3 h5 47. h4 Rc2 48. Bd6 Rf2 49. Bc7 g6 50. Bd6 Rf5+ 51. Ke4 Ke6 52. Bc7 Rc5 53. Bb6 Rc4+ 54. Bd4 Ra4 55. Ke3 Kf5 56. Bc5 Kg4 57. Bd6 Ra2 58. Bc7 Rg2 59. Bd6 Rxg3+ 60. Bxg3 Kxg3 {Oppgitt. Matt i 15 trekk, sier SF. Ja vel.} 0-1

[Event "Østlandsserien 2023/2024, 2. div. B"]
[Site "Oslo NOR"]
[Date "2024.01.06"]
[Round "3"]
[White "Kielland-Lund, Jon"]
[Black "Bergan, Gaute"]
[Result "0-1"]
[WhiteElo "1714"]
[BlackElo "2008"]
[Annotator "Tactical Analysis 5.3 (5s)"]
[PlyCount "40"]
[EventDate "2023.10.29"]
[WhiteTeam "Follo 1"]
[BlackTeam "SK 1911 2"]

1. c4 e5 2. Nc3 Nf6 3. Nf3 d6 4. d4 Nbd7 5. e4 g6 6. Be2 Bg7 7. dxe5 dxe5 8. Bg5 O-O (8... c6 {with more complications.} 9. Qd6 Qb6 10. Rb1 Qc5) 9. Qd2 c6 10. Rd1 {[%cal Of3e5]} Qc7 11. O-O {The position is equal.} Nc5 {[%cal Bd7c5,Bc5e6,Be6f4,Bf4e2][%mdl 32]} 12. Qc2 Ne6 13. Bh4 Nf4 14. Rd2 (14. c5 {is more complex.} Be6 15. a3 Rfd8 16. Rfe1) 14... Nxe2+ 15. Rxe2 Nh5 16. Rd1 Bg4 17. Bg5 h6 18. Be3 Qc8 19. Bc5 {[%eval -210,28]} ({Better is} 19. Qd3 $15 {[%eval -62,25]}) 19... Bxf3 $19 20. gxf3 Nf4 {Weighted Error Value: White=0.35/Black=0.05 (flawless)} 0-1